MESTSKÁ KNIŽNICA GIRALTOVCE  - online katalóg 

Uspávanka (Record no. 23496)

000 -NÁVESTIE
fixed length control field 01525cam a2200445 4500
001 - EVIDENČNÉ ČÍSLO ZÁZNAMU - Kontrolné číslo
control field vtls011703444
005 - DÁTUM A ČAS POSLEDNEJ TRANSAKCIE
control field 20221013130412.0
008 - ÚDAJE S PEVNOU DĹŽKOU – VŠEOBECNÉ INFORMÁCIE
fixed length control field 210624s2017 xo er 010 fdslo
020 ## - MEDZINÁRODNÉ ŠTANDARDNÉ ČÍSLO KNIHY (ISBN)
Medzinárodné štandardné číslo knihy (ISBN) 9788081594977
Qualifying information (viazané)
035 ## - Iný štandardný identifikátor
Iný štandardný identifikátor 9CB0EDDE-839C-4E62-A202-52A12B9DC3BE
035 ## - Iný štandardný identifikátor
Iný štandardný identifikátor urn:nbn:sk:snk-am3ie8z
035 ## - Iný štandardný identifikátor
Iný štandardný identifikátor urn:nbn:sk:snk-am00e6p8
040 ## - ZDROJ KATALOGIZÁCIE
Pôvodná katalogizujúca agentúra PPPK
Jazyk katalogizácie slo
Prepisujúca agentúra PPPK
Modifikujúca agentúra SNK
Konvencie popisu rda
041 1# - KÓD JAZYKA
Kód jazyka textu/zvukovej stopy alebo samostatných nápisov slo
Kód jazyka originálu a/alebo sprostredkujúcich prekladov textu nor
044 ## - KÓD KRAJINY VYDAVATEĽA/PRODUCENTA
Kód krajiny MARC xo
Kód krajiny ISO SK
072 #7 - KÓD PREDMETOVEJ KATEGÓRIE
Kód predmetovej kategórie 821.11
Pododdiel kódu predmetovej kategórie Germánske literatúry
Zdroj konspekt
080 ## - ČÍSLO MEDZINÁRODNÉHO DESATINNÉHO TRIEDENIA (MDT)
Číslo Medzinárodného desatinného triedenia (MDT) 821.113.5-31
Identifikátor vydania 2011
080 ## - ČÍSLO MEDZINÁRODNÉHO DESATINNÉHO TRIEDENIA (MDT)
Číslo Medzinárodného desatinného triedenia (MDT) (0:82-312.4)
Identifikátor vydania 2011
100 1# - OSOBNÉ MENÁ – VŠEOBECNÉ INFORMÁCIE
Osobné meno Brekke, Jørgen,
Dátumy súvisiace s menom 1968-
Kód roly aut
-- 3727
240 10 - UNIFIKOVANÝ NÁZOV
Unifikovaný názov Drømmeløs
Jazyk diela Slovensky
245 10 - NÁZOV
Názov Uspávanka
Údaj o zodpovednosti atď. Jørgen Brekke ; z nórčiny preložila Zuzana Demjánová
246 1# - INÁ FORMA NÁZVU
Zobrazovaný text Séria:
Hlavný názov/skrátený názov Inšpektor Singsaker
Číslo časti diela Druhý diel
250 ## - ÚDAJ O PORADÍ VYDANIA
Údaj o poradí vydania Prvé vydanie
264 #1 - VYDAVATEĽSKÉ ÚDAJE, DISTRIBÚCIA ATĎ. - RDA
Miesto publikovania, distribúcie atď. [Bratislava]
Názov vydavateľa, distibútora atď. Premedia
Dátum publikovania, distribúcie atď. 2017
300 ## - FYZICKÝ POPIS
Rozsah 272 strán
Rozmery 21 cm
336 ## - TYP OBSAHU
Typ obsahu - termín text
Typ obsahu - kód txt
Zdroj rdacontent
337 ## - TYP MÉDIA
Typ média - termín bez média
Typ média - kód n
Zdroj rdamedia
338 ## - TYP NOSIČA
Typ nosiča - termín zväzok
Typ nosiča - kód nc
Zdroj rdacarrier
490 1# - EDÍCIA
Edícia Labyrint
Zväzok/sekvenčné označenie 27. zväzok
500 ## - VŠEOBECNÁ POZNÁMKA
Formátovaná poznámka o obsahu Obsahuje biografické údaje o autorovi na prebale publikácie
500 ## - VŠEOBECNÁ POZNÁMKA
Formátovaná poznámka o obsahu Údaje o sérii prevzaté z tiráže
500 ## - VŠEOBECNÁ POZNÁMKA
Formátovaná poznámka o obsahu Vydavateľské údaje podľa NA ISBN
655 #7 - INDEXAČNÝ TERMÍN – ŽÁNER/FORMA
Údaje o žánri/forme alebo termín, ktorý je prvok fazety nórske romány
Zdroj termínu SNKPH
-- 2134
655 #7 - INDEXAČNÝ TERMÍN – ŽÁNER/FORMA
Údaje o žánri/forme alebo termín, ktorý je prvok fazety detektívne romány
Zdroj termínu SNKPH
-- 1710
655 #7 - INDEXAČNÝ TERMÍN – ŽÁNER/FORMA
Údaje o žánri/forme alebo termín, ktorý je prvok fazety Norwegian fiction
Zdroj termínu SNKPHeng
-- 2136
655 #7 - INDEXAČNÝ TERMÍN – ŽÁNER/FORMA
Údaje o žánri/forme alebo termín, ktorý je prvok fazety Detective novels
Zdroj termínu SNKPHeng
-- 1711
700 1# - PRIDANÝ VSTUP – OSOBNÉ MENO
Osobné meno Demjánová, Zuzana,
Dátumy súvisiace s menom 1977
Kód roly trl
-- 3662
958 ## - Formálny deskriptor
Formálny deskriptor LX
958 ## - Formálny deskriptor
Formálny deskriptor UP
Holdings
Stav stiahnutia (Blokovanie) (Withrawn status) Stav straty Zdroj klasifikácie pre skladovanie Stav poškodenia (Damaged status) Nie pre výpožičky (Not for loan) Spôsob nadobudnutia (Collection code) Trvalé umiestnenie Aktuálne umiestnenie Dátum nadobudnutia Náklady, bežná kúpna cena Inventárne číslo (prírastkové číslo) Celkom výpožičky Celkom prolongácie (predĺženia) Full call number Čiarový kód Dátum posledného výskytu Dátum poslednej výpôžičky Cena s účinnosťou od Typ jednotky Koha
          Kúpa Mestská knižnica Giraltovce Mestská knižnica Giraltovce 2022-10-13 5.00 21827 4 1 B10610 B10610 2026-04-21 2025-10-28 2022-10-13 Krásna literatúra pre dospelých

Powered by Koha